000 00350nam a2200133Ia 4500
005 20260326235445.0
008 260326s9999||||xx |||||||||||||| ||und||
100 _aOtto, Karl
245 0 _aSchool Building :
_b Examples and Developments /
_cKarl Otto
260 _bAlexander Koch
300 _a216 p.
650 _aARQUITECTURA - CULTURA
942 _cBK
999 _c7553
_d7553